000 00582nam a2200217Ia 4500
005 20250508150517.0
008 008 250505s9999 xx 000 0 eng d
037 _aTextual
040 _aFEDL
_beng
_cFEDL
041 _aeng
_2eng
084 _a330.954, DEW
_qFEDL
100 _aDewett Kewal Krishan
_9151441
245 0 _aIndian economics
250 _a3
260 _aDelhi, India
_bPremier Publishing Co.
300 _axi,806p
650 _aEconomics
700 _a Gurucharan Singh
_9756867
942 _cTEXL
_h330.954, DEW
999 _c1323984
_d1323984